000 00687nam a2200217 a 4500
001 BRCA_2835
005 20190320204006.0
008 091208s1958----enka---###---#000-0#eng-u
050 4 _aNK4499
_b.S38 1958
100 1 _aSavage, Leonard George Gimson
_92719
245 1 0 _a18th-century German porcelain
_cGeorge Savage ; foreword by H. Weimberg.
260 _aLondon
_bRockliff
_c1958
300 _a242 p.
_bil.
_c23 cm.
500 _aIncluye índice de ilustraciones, índice temático y apéndice.
500 _aAA120
504 _aIncluye referencias bibliográficas.
650 1 4 _aPorcelana alemana
_97938
650 1 4 _aPorcelana
_xHistoria
_91464
902 _aGFM
942 _2lcc
_cB
999 _c2574
_d2574